Catalog

Record Details

Catalog Search



Available copies

  • 2 of 2 copies available at LARL/NWRL Consortium.

Current holds

0 current holds with 2 total copies.

Show Only Available Copies
Location Call Number / Copy Notes Barcode Shelving Location Status Due Date
Detroit Lakes Public Library J BEC (Text) 33500012481917 Main Available -
Moorhead Public Library J BEC (Text) 33500012481909 Main Available -

Record details

  • ISBN: 9780316348560
  • ISBN: 0316348562
  • Physical Description: 408 pages : illustrations ; 20 cm
  • Edition: First edition.
  • Publisher: New York : Little, Brown and Company, 2017.

Content descriptions

Summary, etc.:
"Young parlor maid Honorine and her friend Francis ... Read More
Subject: Fantasy > Juvenile fiction.
Inventors > Juvenile fiction.
Constellations > Juvenile fiction.
Mythology, Classical > Juvenile fiction.
Sailors > Juvenile fiction.
Fantasy.
Inventors > Fiction.
Constellations > Fiction.
Mythology, Classical > Fiction.
Sailors > Fiction.
Genre: Fantasy fiction.
LDR 01824cam a22005058i 4500
001252189
003LARL_NWRL_CONSORTIUM
00520170413092419.0
008161007s2017 nyua c 000 1 eng
010 . ‡a 2016023401
040 . ‡aDLC ‡beng ‡erda ‡cDLC ‡dYDX ‡dBDX ‡dOCLCQ ‡dOI6 ‡dOCJ
020 . ‡a9780316348560 ‡q(hardcover)
020 . ‡a0316348562 ‡q(hardcover)
020 . ‡z9780316348553 ‡q(ebook)
020 . ‡z9780316348584 ‡q(library edition ebook)
035 . ‡a(OCoLC)956625281
042 . ‡apcc ‡alcac
08200. ‡a[Fic] ‡223
1001 . ‡aBecker, Lindsey, ‡eauthor. ‡0(LARL_NWRL_CONSORTIUM)222662
24514. ‡aThe star thief / ‡cLindsey Becker.
250 . ‡aFirst edition.
264 1. ‡aNew York : ‡bLittle, Brown and Company, ‡c2017.
300 . ‡a408 pages : ‡billustrations ; ‡c20 cm
336 . ‡atext ‡btxt ‡2rdacontent
337 . ‡aunmediated ‡bn ‡2rdamedia
338 . ‡avolume ‡bnc ‡2rdacarrier
520 . ‡a"Young parlor maid Honorine and her friend Francis find themselves in the middle of an epic feud between a crew of scientific sailors and the magical constellations come to life"-- ‡cProvided by publisher.
650 0. ‡aFantasy ‡vJuvenile fiction. ‡0(LARL_NWRL_CONSORTIUM)172064
650 0. ‡aInventors ‡vJuvenile fiction.
650 0. ‡aConstellations ‡vJuvenile fiction.
650 0. ‡aMythology, Classical ‡vJuvenile fiction.
650 0. ‡aSailors ‡vJuvenile fiction.
650 1. ‡aFantasy. ‡0(LARL_NWRL_CONSORTIUM)19981
650 1. ‡aInventors ‡vFiction. ‡0(LARL_NWRL_CONSORTIUM)165284
650 1. ‡aConstellations ‡vFiction.
650 1. ‡aMythology, Classical ‡vFiction.
650 1. ‡aSailors ‡vFiction. ‡0(LARL_NWRL_CONSORTIUM)167179
655 7. ‡aFantasy fiction. ‡2lcgft
905 . ‡uvanderl
901 . ‡a252189 ‡b ‡c252189 ‡tbiblio ‡soclc

Additional Resources